Tutorial XML programming in Java [electronic resource : Book] (Record no. 204816)

MARC details
000 -LEADER
fixed length control field 00400nam a2200133Ia 4500
008 - FIXED-LENGTH DATA ELEMENTS--GENERAL INFORMATION
fixed length control field 231221s9999 xx 000 0 und d
041 ## - LANGUAGE CODE
Language code of text/sound track or separate title English
100 ## - MAIN ENTRY--PERSONAL NAME
Personal name Tidwell, Doug
245 #0 - TITLE STATEMENT
Title Tutorial XML programming in Java [electronic resource : Book]
260 ## - PUBLICATION, DISTRIBUTION, ETC.
Date of publication, distribution, etc. 1999
Name of publisher, distributor, etc. Cyber Evangelist, developersWorks XML Team
300 ## - PHYSICAL DESCRIPTION
Extent 59
650 ## - SUBJECT ADDED ENTRY--TOPICAL TERM
Topical term or geographic name entry element Tutorial,XML,programming,java,:,Book]
942 ## - ADDED ENTRY ELEMENTS (KOHA)
Koha item type Digital Library
Holdings
Date last seen Total checkouts Accession number Uniform resource identifier Price effective from Category Lost status Damaged status Department Withdrawn status Home library Current library Shelving location Entry date Grants Billdate Currency symbol Conversion rate Discount Old discount
26/01/2024   DL942 digital/books/dl942.pdf 26/01/2024 Digital Library     Central Library   Central Library Central Library Central Library     04/02/2010 RS 1    

© For any Suggestions or Query, please contact the library staff @ librarian@pes.edu or Phone: +9180 2672 1983/ 2108.